<?xml version="1.0" encoding="UTF-8"?>
<record
    xmlns:xsi="http://www.w3.org/2001/XMLSchema-instance"
    xsi:schemaLocation="http://www.loc.gov/MARC21/slim http://www.loc.gov/standards/marcxml/schema/MARC21slim.xsd"
    xmlns="http://www.loc.gov/MARC21/slim">

  <leader>01689nam a2200337 i 4500</leader>
  <controlfield tag="003">DO-SdBNP</controlfield>
  <controlfield tag="005">20240314095306.0</controlfield>
  <controlfield tag="007">ta</controlfield>
  <controlfield tag="008">240314s2012    dr o          000 j spa d</controlfield>
  <datafield tag="040" ind1=" " ind2=" ">
    <subfield code="a">DO-SdBNP</subfield>
    <subfield code="b">spa</subfield>
    <subfield code="c">BNPHU</subfield>
    <subfield code="e">rda</subfield>
  </datafield>
  <datafield tag="082" ind1=" " ind2=" ">
    <subfield code="b">S211</subfield>
    <subfield code="2">22</subfield>
  </datafield>
  <datafield tag="100" ind1=" " ind2=" ">
    <subfield code="a">S&#xE1;nchez, Amaury</subfield>
    <subfield code="9">11765</subfield>
  </datafield>
  <datafield tag="245" ind1="1" ind2="3">
    <subfield code="a">El mago de Oz :</subfield>
    <subfield code="b">[programa de la obra] /</subfield>
    <subfield code="c">Amaury S&#xE1;nchez ; producci&#xF3;n ejecutiva Yanira Ferry : direcci&#xF3;n Waddys J&#xE1;quez : coreograf&#xED;a Pablo P&#xE9;rez : escenograf&#xED;a Omar Mart&#xED; </subfield>
  </datafield>
  <datafield tag="264" ind1=" " ind2="1">
    <subfield code="a">Santo Domingo :</subfield>
    <subfield code="b">[Teatro Nacional],</subfield>
    <subfield code="b">[Gran Teatro Cibao],</subfield>
    <subfield code="c">2012.</subfield>
  </datafield>
  <datafield tag="300" ind1=" " ind2=" ">
    <subfield code="a">[28] p&#xE1;ginas,  </subfield>
    <subfield code="b">fotograf&#xED;as</subfield>
    <subfield code="c">28 cm.</subfield>
  </datafield>
  <datafield tag="336" ind1=" " ind2=" ">
    <subfield code="2">rdacontent</subfield>
    <subfield code="a">texto</subfield>
    <subfield code="b">txt</subfield>
  </datafield>
  <datafield tag="337" ind1=" " ind2=" ">
    <subfield code="2">rdamedia</subfield>
    <subfield code="a">sin mediaci&#xF3;n </subfield>
    <subfield code="b">n</subfield>
  </datafield>
  <datafield tag="338" ind1=" " ind2=" ">
    <subfield code="2">rdacarrier</subfield>
    <subfield code="a">volumen</subfield>
    <subfield code="b">nc</subfield>
  </datafield>
  <datafield tag="500" ind1=" " ind2=" ">
    <subfield code="a">5, 6, 7, 12, 13, 14 octubre del 2012 en el Teatro Nacional. </subfield>
  </datafield>
  <datafield tag="500" ind1=" " ind2=" ">
    <subfield code="a">20, 21 de octubre 2012 en el Gran Teatro del Cibao. </subfield>
  </datafield>
  <datafield tag="500" ind1=" " ind2=" ">
    <subfield code="a">Programa con los nombres de los actores, bailarines y otros.</subfield>
  </datafield>
  <datafield tag="500" ind1=" " ind2=" ">
    <subfield code="a">Obra de teatro musical. </subfield>
  </datafield>
  <datafield tag="511" ind1=" " ind2=" ">
    <subfield code="a">Personajes/Actores: Dorothy - Ameris Cepeda, Tia Em - Cuch&#xE9; Gonz&#xE1;lez Del Rey, Tio Henry - Miguel Lendor (Papach&#xED;n), Zeke-Le&#xF3;n - Luis Jos&#xE9; Germ&#xE1;n, Hickory-Hombre de Hojalata - Josu&#xE9; Guerrero, Hunk-Espantapajaros - Javier Grull&#xF3;n, Sra. Gultch-Bruja Del Norte - Carlota Carretero, Glinda-Hada - Hony Estrella, Profesor Marvel-Mago de Oz - Cuqu&#xED;n Victoria.        </subfield>
  </datafield>
  <datafield tag="590" ind1=" " ind2=" ">
    <subfield code="a">Inventariado, 2024/ YL</subfield>
  </datafield>
  <datafield tag="700" ind1="1" ind2=" ">
    <subfield code="a">Ferry, Yanira</subfield>
    <subfield code="e">producci&#xF3;n ejecutiva</subfield>
    <subfield code="9">85028</subfield>
  </datafield>
  <datafield tag="700" ind1="1" ind2=" ">
    <subfield code="a">J&#xE1;quez, Waddys</subfield>
    <subfield code="e">direcci&#xF3;n</subfield>
    <subfield code="9">85029</subfield>
  </datafield>
  <datafield tag="700" ind1="1" ind2=" ">
    <subfield code="a">P&#xE9;rez, Pablo</subfield>
    <subfield code="e">coreograf&#xED;a</subfield>
    <subfield code="9">85030</subfield>
  </datafield>
  <datafield tag="700" ind1="1" ind2=" ">
    <subfield code="a">Mart&#xED;, Omar</subfield>
    <subfield code="e">escenograf&#xED;a</subfield>
    <subfield code="9">85031</subfield>
  </datafield>
  <datafield tag="910" ind1=" " ind2=" ">
    <subfield code="a">YLockward</subfield>
  </datafield>
  <datafield tag="942" ind1=" " ind2=" ">
    <subfield code="2">ddc</subfield>
    <subfield code="c">LF2</subfield>
  </datafield>
  <datafield tag="952" ind1=" " ind2=" ">
    <subfield code="0">0</subfield>
    <subfield code="1">0</subfield>
    <subfield code="2">ddc</subfield>
    <subfield code="5">1</subfield>
    <subfield code="7">0</subfield>
    <subfield code="8">DS-F</subfield>
    <subfield code="a">BNPHU</subfield>
    <subfield code="b">BNPHU</subfield>
    <subfield code="c">CT</subfield>
    <subfield code="d">2019-04-04</subfield>
    <subfield code="e">Donado por Maritza P&#xE9;rez G. </subfield>
    <subfield code="l">0</subfield>
    <subfield code="o">BNPHU F-PD S211</subfield>
    <subfield code="p">2024-1430</subfield>
    <subfield code="r">2024-03-14</subfield>
    <subfield code="w">2024-03-14</subfield>
    <subfield code="y">LF2</subfield>
  </datafield>
  <datafield tag="952" ind1=" " ind2=" ">
    <subfield code="0">0</subfield>
    <subfield code="1">0</subfield>
    <subfield code="2">ddc</subfield>
    <subfield code="5">1</subfield>
    <subfield code="7">0</subfield>
    <subfield code="8">DS-F</subfield>
    <subfield code="a">BNPHU</subfield>
    <subfield code="b">BNPHU</subfield>
    <subfield code="c">CT</subfield>
    <subfield code="d">2018-02-19</subfield>
    <subfield code="e">Deposito Legal</subfield>
    <subfield code="l">0</subfield>
    <subfield code="o">BNPHU F-PD S211</subfield>
    <subfield code="p">2024-2039</subfield>
    <subfield code="r">2024-04-10</subfield>
    <subfield code="t">e. 2</subfield>
    <subfield code="w">2024-03-14</subfield>
    <subfield code="y">LF2</subfield>
  </datafield>
  <datafield tag="999" ind1=" " ind2=" ">
    <subfield code="c">56098</subfield>
    <subfield code="d">56098</subfield>
  </datafield>
</record>
